| 000 | 01059cam a22003131 4500 | ||
|---|---|---|---|
| 001 | 15827 | ||
| 003 | BD-RjUL | ||
| 005 | 20211208235908.0 | ||
| 008 | 140211t1967 enk 001 0aeng | ||
| 035 | _a(BD-RjUL)15882 | ||
| 040 |
_aDLC _cDLC _dDLC _dBD-RjUL _beng |
||
| 041 | 1 | _aengrus | |
| 082 | 0 | 4 |
_a927 _bSTM 1967 |
| 100 | 1 |
_aStanislavsky, Konstantin, _d1863-1938. _949085 |
|
| 245 | 1 | 0 |
_aMy life in art _c[by] Constantin Stanislavski; translated [from the Russian] by J. J. Robbins. |
| 260 |
_aMoscow : _bForeign Languages pub., _c1967. |
||
| 300 |
_a503 p. ; _c23 cm. |
||
| 350 | _a12/6 | ||
| 500 | _aTranslation of Moi︠a︡ zhiznʹ v iskusstve. | ||
| 504 | _aIncludes index. | ||
| 600 | 1 | 0 |
_aStanislavsky, Konstantin, _d1863-1938. _949092 |
| 600 | 1 | 0 |
_aStanislavsky, Konstantin, _d1863-1938. _949093 |
| 650 | 0 |
_aActors _zSoviet Union _xBiography. _949088 |
|
| 650 | 0 |
_aActing teachers _zSoviet Union _xBiography. _949089 |
|
| 942 |
_2ddc _cBK |
||
| 999 |
_c15827 _d15827 |
||